| 000 | 00817nam a22002297a 4500 | ||
|---|---|---|---|
| 999 |
_c14846 _d14846 |
||
| 003 | AR-CdUCM | ||
| 008 | 190415b ||||| |||| 00| 0 spa d | ||
| 020 | _a978-9972-59-582-0 | ||
| 040 |
_aMUNICIPALIDAD PROVINCIAL DEL CUSCO _cBIBLIOTECA MUNICIPAL DEL CUSCO |
||
| 082 |
_aEP / 808.06 / _bB85 |
||
| 110 |
_aCorporación gráfica Navarrete S.A _927358 |
||
| 245 |
_aLa bruja achikée : _bEl espíritu hambriento / |
||
| 260 |
_aLima : _bCorporación gráfica Navarrete S.A., _c2014. |
||
| 300 |
_a45 páginas ; _c21 cm. |
||
| 440 |
_aLeyendas tenebrosas del Perú II. _n4 _933779 |
||
| 500 | _aYo leo plan lector. | ||
| 505 | _aContenido :La bruja achikée, el espíritu hambriento . | ||
| 650 |
_aHistorietas. _910786 |
||
| 650 |
_aCuentos de terror. _931714 |
||
| 942 |
_2ddc _cLIBROS |
||
| 945 |
_arum _d2019-04-24 |
||